Word Ladder: Movie Blanks Quiz Stats

 Plays Quiz Updated Jun 11, 2012

Support Sporcle.
Go Orange.
Score 0/13 Timer 02:00
0 Plays Today
Clue 5-Letter Word % Correct
'Home ___' - 1990 - Macaulay CulkinALONE
98.8%
'___ Came Polly' - 2004 - Jennifer AnistonALONG
98.2%
'Men Who ___ at Goats' - 2009 - George ClooneySTARE
92.8%
'A Stranger ___ Us' - 1992 - Melanie GriffithAMONG
92.5%
'Romancing the ___' - 1984 - Michael DouglasSTONE
87.3%
Make amends for one's sinsATONE
86.8%
'___ Raving Mad' - 2002 - Seann William ScottSTARK
85.2%
'Who's Minding the ___?' - 1963 - Jerry Lewis STORE
82.4%
Cut fruit with a knifeSLICE
80%
Slippery, like a surfaceSLICK
69.6%
'___ Doesn't Live Here Anymore - 1974 - Ellen BurstynALICE
62.8%
'___ It' - 2006 - Jeff BridgesSTICK
62.4%
Actor Robert of 'Airplane'STACK
62.1%

Today's Daily Dose

Word Ladder
ING Words

Get the Picture
Nearest Volcano

From the Vault

Director's Previous Film

by SanityLapse

Movies 8m
We know that you will be disappointed that Michael Bay is not on this list...perhaps for the sequel.
Remove Ads.
Support Sporcle.
Get the best of Sporcle when you Go Orange. This ad-free experience offers more features, more stats, and more fun while also helping to support Sporcle. Thank you for becoming a member.

Show Comments

Extras

Top Quizzes Today


Score Distribution

Your Account Isn't Verified!

In order to create a playlist on Sporcle, you need to verify the email address you used during registration. Go to your Sporcle Settings to finish the process.

Report this User

Report this user for behavior that violates our Community Guidelines.

Details: